000 00426nam a2200181Ia 4500
008 230524s9999 xx 000 0 und d
020 _a9780070482937
082 _a629.892
_bMIT
100 _aR.K.Mittal
245 0 _aRobotics and Control
250 _a22
260 _aNew Delhi
_bTMH
_c2013
300 _a"XV,475p;"
500 _aQuantity Number: 51
650 _aMechanics
700 _a I.J.Nagrath
942 _cBK
999 _c57729
_d57729